| Tag |
First Indicator |
Second Indicator |
Subfields |
| LEADER |
00000cam a2200000 a 4500 |
| 001 |
in00001319921 |
| 005 |
20151005085751.0 |
| 008 |
960701s1996 inu b 001 0 eng |
| 010 |
|
|
|a 96031663
|
| 020 |
|
|
|a 1557530912 (cloth : alk. paper)
|
| 035 |
|
|
|a (OCoLC)35049657
|
| 035 |
|
|
|9 AHE0524AM
|
| 040 |
|
|
|a DLC
|c DLC
|d C#P
|d TXA
|d UtOrBLW
|
| 043 |
|
|
|a e-it---
|
| 049 |
|
|
|a TXAM
|
| 050 |
0 |
0 |
|a PQ4181.H55
|b D45 1996
|
| 082 |
0 |
0 |
|a 853/.08109091
|2 20
|
| 100 |
1 |
|
|a Della Coletta, Cristina,
|d 1962-
|
| 245 |
1 |
0 |
|a Plotting the past :
|b metamorphoses of historical narrative in modern Italian fiction /
|c Cristina Della Coletta.
|
| 264 |
|
1 |
|a West Lafayette, Ind. :
|b Purdue University Press,
|c [1996]
|
| 264 |
|
4 |
|c ©1996
|
| 300 |
|
|
|a ix, 268 pages ;
|c 24 cm.
|
| 336 |
|
|
|a text
|b txt
|2 rdacontent
|
| 337 |
|
|
|a unmediated
|b n
|2 rdamedia
|
| 338 |
|
|
|a volume
|b nc
|2 rdacarrier
|
| 490 |
1 |
|
|a Purdue studies in Romance literatures ;
|v v. 12
|
| 504 |
|
|
|a Includes bibliographical references (pages 247-260) and index.
|
| 650 |
|
0 |
|a Historical fiction, Italian
|x History and criticism.
|
| 650 |
|
0 |
|a Italian fiction
|y 19th century
|x History and criticism.
|
| 650 |
|
0 |
|a Italian fiction
|y 20th century
|x History and criticism.
|
| 830 |
|
0 |
|a Purdue studies in Romance literatures ;
|v v. 12.
|
| 999 |
|
|
|a MARS
|
| 999 |
f |
f |
|s 165de7f0-bc79-303e-8683-10cceaf6a997
|i 3e29011a-8433-3c4b-912b-5d3f6c385dce
|t 0
|
| 952 |
f |
f |
|p normal
|a Texas A&M University
|b College Station
|c Sterling C. Evans Library
|d Evans: Library Stacks
|t 0
|e PQ4181.H55 D45 1996
|h Library of Congress classification
|i unmediated -- volume
|m A14820625291
|
| 998 |
f |
f |
|a PQ4181.H55 D45 1996
|t 0
|l Evans: Library Stacks
|